| 000 | 00376nam a2200145Ia 4500 | ||
|---|---|---|---|
| 008 | 230917s9999||||xx |||||||||||||| ||und|| | ||
| 040 |
_e106838 _aMAIN |
||
| 041 | _aEnglish | ||
| 082 | _a828.809 W644C | ||
| 100 | _aWilde, Oscar | ||
| 245 | 0 | _aCambridge companion to Oscar Wilde. | |
| 260 |
_aCambridge _bCambridge University Press _c1997 |
||
| 300 | _a307 p. | ||
| 942 | _cBK | ||
| 999 |
_c121290 _d121290 |
||